| 000 | 00621nam a2200241Ia 4500 | ||
|---|---|---|---|
| 003 | OSt | ||
| 005 | 20250812190835.0 | ||
| 008 | 210423s2003 xx 000 0 und d | ||
| 020 | _a81-7629-457-8 | ||
| 040 | _cAL | ||
| 041 | _aEnglish | ||
| 082 |
_a320.8 _b GOEP |
||
| 100 |
_aGoel S L _9118803 |
||
| 245 | _aPanchayati raj in India | ||
| 260 |
_aND _bDeep and deep publication _c2003 |
||
| 300 |
_a426 _bPB |
||
| 365 |
_b300 _cINR |
||
| 650 |
_aLocal Government _9118804 |
||
| 650 |
_aPolitical Science _9118805 |
||
| 700 |
_aRajneesh, Shalini _9235252 |
||
| 906 | _aIndia ; Panchayati ; raj | ||
| 942 |
_2ddc _cBK |
||
| 999 |
_c174761 _d174761 |
||